| 000 | 00477nam a22001577a 4500 | ||
|---|---|---|---|
| 020 | _a0 7277 2824 5 | ||
| 082 |
_a523.3 _bDHI _cN-01, P-108 |
||
| 100 |
_aDhir, Ravindra K _939552 |
||
| 245 | _aInnovation in concrete structures design and construction | ||
| 250 | _a1st ed. | ||
| 260 |
_aLondonthomas Telford _bThomas Telford Limited _c1999 |
||
| 300 |
_axviii, 654. : _bill. : _c8 Cm |
||
| 526 |
_a0 _b0 _c0 _d523_300000000000000_DHI |
||
| 650 |
_aNUST _96342 |
||
| 942 |
_2ddc _cBK |
||
| 999 |
_c544018 _d544018 |
||